Комплекс оптимизационных и имитационных моделей для исследования реализации предприятиями инвестиционных производственных проектов: монография

מידע ביבליוגרפי
מחבר ראשי: Романов Б. А. Борис Александрович
סיכום:Монография содержит актуальное в настоящее время исследование проблем реализации инвестиционных проектов в промышленном производстве. Анали­зируется инвестиционный производственный проект, выполняемый группой промышленных предприятий. Для целей анализа разработан комплекс опти­мизационных и имитационных моделей, позволяющий исследовать различные варианты реализации инвестиционного производственного проекта. Комплекс моделей включает статические, динамические и стохастические модели. Ком­плекс позволяет моделировать инвестиционный и эксплуатационный периоды реализации проекта. Приведены примеры расчета бизнес-плана производства продукции Московским заводом домашних холодильников и бизнес-плана по расширению производства автомобилей сборочным предприятием и предпри­ятиями, обеспечивающими сборку комплектующими изделиями.Книга предназначена для лиц, изучающих и использующих моделирование в экономике: студентов старших курсов бакалавриата и магистратуры, аспиран­тов, преподавателей, менеджеров и руководителей производственных компаний.
שפה:רוסית
יצא לאור: Москва, РИОР, 2015
סדרה:Научная мысль
נושאים:
פורמט: MixedMaterials ספר
KOHA link:https://koha.lib.tpu.ru/cgi-bin/koha/opac-detail.pl?biblionumber=282604

MARC

LEADER 00000nam0a2200000 4500
001 282604
005 20231101235519.0
010 |a 9785369014066 
010 |a 978-1-4946-0001-3 
010 |a 978-5-16-010490-4 
035 |a (RuTPU)RU\TPU\book\306537 
090 |a 282604 
100 |a 20150202d2015 k y0rusy50 ca 
101 0 |a rus 
102 |a RU 
105 |a y z 001zy 
200 1 |a Комплекс оптимизационных и имитационных моделей для исследования реализации предприятиями инвестиционных производственных проектов  |e монография  |f Б. А. Романов 
210 |a Москва  |c РИОР  |c Academus  |c Инфра-М  |d 2015 
215 |a 292 с. 
225 1 |a Научная мысль 
320 |a Библиогр.: с. 276-289. 
330 |a Монография содержит актуальное в настоящее время исследование проблем реализации инвестиционных проектов в промышленном производстве. Анали­зируется инвестиционный производственный проект, выполняемый группой промышленных предприятий. Для целей анализа разработан комплекс опти­мизационных и имитационных моделей, позволяющий исследовать различные варианты реализации инвестиционного производственного проекта. Комплекс моделей включает статические, динамические и стохастические модели. Ком­плекс позволяет моделировать инвестиционный и эксплуатационный периоды реализации проекта. Приведены примеры расчета бизнес-плана производства продукции Московским заводом домашних холодильников и бизнес-плана по расширению производства автомобилей сборочным предприятием и предпри­ятиями, обеспечивающими сборку комплектующими изделиями.Книга предназначена для лиц, изучающих и использующих моделирование в экономике: студентов старших курсов бакалавриата и магистратуры, аспиран­тов, преподавателей, менеджеров и руководителей производственных компаний. 
606 1 |a Предприятия  |x Инвестиционные производственные проекты  |2 stltpush  |3 (RuTPU)RU\TPU\subj\74142  |9 86649 
610 1 |a имитационные модели 
610 1 |a оптимизационные модели 
610 1 |a исследование 
610 1 |a реализация 
610 1 |a инвестиции 
610 1 |a инвестиционная деятельность 
610 1 |a инвестиционные проекты 
610 1 |a динамические модели 
610 1 |a стохастические модели 
610 1 |a анализ 
610 1 |a примеры 
610 1 |a монографии 
686 |a У9(2)29  |v LBC/SL-A  |2 rubbk 
700 1 |a Романов  |b Б. А.  |g Борис Александрович 
801 1 |a RU  |b 63413507  |c 20150202 
801 2 |a RU  |b 63413507  |c 20150313  |g RCR 
942 |c BK 
959 |a 10/20150202  |d 1  |e 499,90  |f ЧЗГЛ:1